Dans Pokémon, comment s'appelle...(2) - Statistiques

Statistiques générales
  • Ce quiz a été pris 19 fois
    14 depuis la dernière actualisation
  • Le résultat moyen est 13 sur 50
Statistiques - réponses
Dans Pokémon, comment s'appelle(nt)... Réponse % Correct
...l'endroit situé derrière l'Arène d'Ebenelle quiest gardé par des Dresseurs spécialistes du type Dragon ? Antre du Dragon
89%
...une route maritime dans l'univers de Pokémon ? Chenal
78%
...une capacité qu'un groupe de Pokémon restreintseulement est capable d'apprendre ? Capacité signature
56%
...la série de jeux spin-off où le joueur incarneun Pokémon dans un monde sans humains ? Donjon Mystère
56%
...la troisième forme de Lougaroc, introduite dansPokémon Ultra-Soleil & Ultra-Lune ? Forme Crépusculaire
56%
...la forme de Motisma qui lui fait prendrele type Vol ? Motisma Hélice
56%
...l'aliment introduit en 4ème génération, qui peut être fabriqué avec des Baies et qui a différents goûts, plus ou moins appréciables selon la nature du Pokémon ? Poffin
56%
...le tunnel sous-marin qui relie Vaguelone àPapeloa ? Aquatube
44%
...la forme la plus rare de Théffroi, avec seulement1% de chance d'apparition ? Forme Authentique
44%
...le groupe formé par Cobaltium, Terrakium,Viridium et Keldeo ? Lames de la Justice
44%
...ce groupe de Pokémon très rares dont l'existenceest remise en question, à tel point qu'ils sont apparentés à des légendaires ? Pokémon Fabuleux
44%
...le pont qui relie la Forêt d'Empoigne à Volucité ? Pont Sagiciel
44%
...le climat déclenché en combat par Zénith ? Soleil
44%
...le mini-jeu introduit dans Pokémon Ultra-Soleil & Ultra-Lune, dont le point de départ se fait à dos de Poké Monture sur la Plage de Poni ? Surf Démanta
44%
...la mécanique introduite en 9ème génération qui fait changer de type un Pokémon en combat ? Teracristallisation
44%
...la classe de Dresseurs souvent croisé sur la Route Victoire, avec des cheveux bleus ? Topdresseur
44%
...la zone constituée de bâtiments dédiés auxcombats, pour challenger les Dresseurs après la Ligue ? Zone de Combat
44%
...l'institution qui a pour but de former les futurs Dresseurs en leur enseignant des connaissances théoriques sur le sujet ? Ecole des Dresseurs
33%
...la forme défensive d'Exagide ? Forme Parade
33%
...l'équivalent du Parc Safari à Sinnoh, situéà Verchamps ? Grand Marais
33%
...la friandise préférée de Tili ? Malasada
33%
...le Professeur Euphorbe sous son identitésecrète ? Royal Mask
33%
...le portail où vivent les Ultra-Chimères, auquelon peut accéder dans Pokémon Ultra-Soleil & Ultra-Lune ? Ultra-Brèche
33%
...le trio des soeurs voleuses qui sévit à travers Hisui dans Légendes Pokémon Arceus ? Détroussoeurs
22%
...le bâtiment vers lequel un Zoroark guide le joueurdepuis la Route Victoire dans Pokémon Noir 2 & Blanc 2 ? Palais de N
22%
...l'aliment introduit en 6ème génération qui augmente l'affection d'un Pokémon ? Pofiterole
22%
...les salons de coiffure à Alola et à Galar ? Salle à Mèches
22%
...l'endroit qui sert de frontière naturelle entre Kanto et Johto ? Chutes Tohjo
11%
...la forme de Morphéo qu'il peut prendre partemps neigeux ? Forme Blizzard
11%
...l'endroit situé au centre d'Unys où on peutinteragir avec d'autres Dresseurs ? Heylink
11%
...le système qui permet de gagner des lotsgrâce au numéro d'Identification du Dresseur ? Loterie ID
11%
...les chefs des Bâtiments de Combat ? Meneurs de Zone
11%
...le peuple auquel appartient Amaryllis ? Peuple du Météore
11%
...l'aliment introduit dans la 7ème génération, quipeut être obtenu dans les Cafés des Centres Pokémon ? Poké Fève
11%
...le processus par lequel les Dresseurs obtiennentune chance de participer au Défi des Arènes de Galar grâce à une lettre ? Recommandation
11%
...l'endroit accessible dans Pokémon Or Heartgold & Argent Soulsilver uniquement si le joueur a un Arceus dans son équipe ? Ruines Sinjoh
11%
...la première ville construite à Hisui ? Rusti-Cité
11%
...le plus vieux bâtiment de Frimapic ? Temple Frimapic
11%
...le groupe formé par Chongjian, Baojian, Dinglu et Yuyu ? Trésors du fléau
11%
...la dimension parallèle accessible via une Ultra-Brèche, où il est possible de capturer Necrozma dans Pokémon Ultra-Soleil & Ultra-Lune ? Ultra-Mégalopole
11%
...l'endroit protégé par Urup, situé au fin fond duBois Dédale ? Village Pokémon
11%
...la coupe de Couafarel dérivée de la Coupe Reine,et bleue foncé au lieu de bleu clair ? Coupe Pharaon
0%
...la chaîne de Mashynn ? Les Machins de Mashynn
0%
...la ligne du métro de combat qui permet decombattre Chamsin et Chammal en même temps ? Ligne Multi
0%
...le motif de Prismillon qui était distirbué lors d'unévènement, puis qui est devenu sa forme de base dans Pokémon Ecarlate & Violet ? Motif Fantaisie
0%
...le système introduit en 8ème génération qui permet de jouer avec ses Pokémon dans un campement ? Poké Camping
0%
...la petite grotte de la Route Victoire danslaquelle se trouve Terrakium dans Pokémon Noir & Blanc ? Salle Epreuve
0%
...les thermes de la ville enneigée de Ludester,dans la région de Galar ? Source du héros
0%
...le tournoi du PWT accessible une fois tous lesautres Tournois des Champions remportés ? Tournoi des Champions du Monde
0%
...la quête principale parmi les 3 en parallèle d'Ecarlate & Violet qui nécessite de se pencher sur les Pokémon Dominants ? Un parfum de légende
0%
Aucun quiz correspondant
Distribution des résultats
% des personnes avec chaque résultat
Percentile par nombre de réponses
Votre historique - résultats
Vous n’avez pas pris ce quiz depuis la dernière actualisation